00438 a2200181 4500260002600000300000900026245004200035650003500077260001000112300001000122260000900132100000700141630003400148037000900182650002600191700002100217020001800238 bEconomie et humanisme a315p aLes rouages de l'économie nationale aEconomie nationale : théorie aParis b18 cm c1983 lFr aEconomie.économie politique a8792 a3 - SCIENCES SOCAILES aAlbertini, J.-M. a2-7082-0663-X